Molecular Spectroscopy : A Quantum Chemistry Approach, Vol. 1-2/

Na minha lista:
Detalhes bibliográficos
Outros Autores: Ozaki, Yukihiro (Editor), Wójcik, Marek Janusz (Editor), Popp, Jürgen (Editor)
Formato: Livro
Idioma:inglês
Publicado em: Weinheim : Wiley-VCH Verlag GmBH & Co. 2019
Acesso em linha:View in OPAC
Tags: Adicionar Tag
Sem tags, seja o primeiro a adicionar uma tag!

MARC

LEADER 00000nam a22000007a 4500
003 SK-BrSCK
005 20260127134426.0
008 231130b2019 gw ad||| |||| 00| 0 eng d
020 |a 9783527344611 
040 |a SK-BrSCK  |b slo   |c SK-BrSCK 
100 |9 2436  |a Ozaki, Yukihiro  |e editor 
245 |a Molecular Spectroscopy :   |b A Quantum Chemistry Approach, Vol. 1-2/  |c Edited by Yukihiro Ozaki, Marek Janusz Wójcik, and Jürgen Popp 
260 |a Weinheim :  |b Wiley-VCH Verlag GmBH & Co.  |c 2019 
300 |a x, 612 pages :  |b Illustrations ;  |c 25 cm 
700 |9 2437  |a Wójcik, Marek Janusz  |e editor 
700 |9 2438  |a Popp, Jürgen  |e editor 
942 |2 udc  |c 14 
999 |c 12488  |d 12488